Music Quiz

Random Music or Song Quiz

'Party in the USA' Lyrics Quiz Stats

 Plays Quiz Updated Jun 9, 2016

Also try: Bohemian Rhapsody
Challenge
Share
Tweet
Embed
Score 0/270 Timer 08:00
27 Plays Today
% Correct
I
98.7%
I
98.7%
I
98.7%
I
98.7%
I
98.7%
I
98.7%
I
98.7%
I
98.7%
I
98.7%
the
98.2%
the
98.2%
the
98.2%
the
98.2%
the
98.2%
the
98.2%
the
98.2%
the
98.2%
the
98.2%
The
98.2%
the
98.2%
the
98.2%
the
98.2%
the
98.2%
the
98.2%
The
98.2%
the
98.1%
the
98.1%
the
98.1%
a
97.2%
a
97.2%
a
97.2%
a
97.2%
a
97.2%
a
97.2%
in?
96.2%
in
96.2%
in
96.2%
in
96.2%
in
96.2%
my
92.1%
my
92.1%
My
92.1%
my
92.1%
my
92.1%
my
92.1%
my
92.1%
my
92.1%
my
92.1%
my
92.1%
my
92.1%
My
92.1%
my
92.1%
my
92.1%
my
92.1%
And
90.1%
so
89.8%
so
89.8%
So
89.8%
So
89.8%
and
89.3%
and
89.3%
and
89.3%
and
89.3%
and
89.3%
And
89.3%
And
89.3%
and
89.3%
and
89.3%
and
89.2%
And
89.2%
And
89.2%
and
89.2%
party
88.7%
party
88.7%
party,
88.7%
USA!
86.6%
USA!
86.6%
to
86%
to
86%
to
86%
to
86%
song
85.9%
song
85.9%
song
85.9%
song.
85.9%
song.
85.9%
song
85.9%
song
85.9%
song
85.9%
song
85.9%
% Correct
on
85.8%
on.
85.8%
on.
85.8%
on.
85.8%
on.
85.8%
on.
85.8%
on.
85.8%
on
85.8%
of
85.5%
of
85.5%
up,
85.1%
up,
85.1%
hands
83.2%
hands
83.2%
at
81.6%
at
81.6%
L.A.X.
80.6%
yeah!
80.5%
yeah!
80.5%
Yeah!
80.5%
Yeah!
80.5%
put
80.1%
like
78.2%
like
78.2%
Like
78.1%
like
78.1%
gonna
78%
gonna
78%
plane
77.8%
playing
77.7%
playing
77.7%
am
77%
am
77%
with
75.9%
with
75.9%
it's
75.7%
it's
75.7%
It's
75.7%
I'm
75.2%
I'm
75.2%
I'm
75.2%
I'm
75.2%
I'm
75.2%
I'm
75.2%
I'm
75.2%
is
74.5%
was
74%
was
74%
was
74%
was
74%
was
74%
was
74%
Jay-Z
72.9%
Jay-Z
72.9%
Jay-Z
72.9%
away.
72.9%
fly
72.6%
see
72.4%
see
72.4%
every
71.7%
butterflies
71.6%
fit
71.5%
hips
71.2%
they're
71.2%
they're
71.2%
be
71.1%
be
71.1%
hopped
70.8%
dream
70.7%
off
70.6%
moving
70.3%
head
70%
cab,
69.8%
cab,
69.8%
all
69.8%
all
69.7%
Look
69%
land
67.7%
Hollywood
67.7%
sign.
66.7%
cardigan.
66.7%
radio,
65.9%
nodding
65.9%
This
65.3%
gotta
64.8%
right
64.8%
Got
64.8%
got
64.8%
everybody
64.7%
Welcome
64.6%
% Correct
fame,
63.8%
taxi
63.6%
taxi
63.6%
famous.
63.5%
me
63.5%
me.
63.5%
me
63.5%
for
63.5%
crazy,
62.9%
time.
62.7%
time.
62.7%
Feel
61.8%
feel
61.8%
Too
61.1%
Too
61.1%
nervous.
61%
nervous.
61%
that
60.7%
here
60.3%
Britney
60.1%
Britney
60.1%
Britney
60.1%
kinda
59.7%
kinda
59.7%
feeling
59.7%
feeling
59.7%
homesick.
59.4%
homesick.
59.4%
first
59.2%
much
57.6%
much
57.6%
OK.
57.4%
when
56.6%
when
56.6%
pressure
55.4%
pressure
55.4%
seems
55.3%
out
54%
man
53.4%
excess,
53.3%
DJ
53.1%
DJ
53%
Jumped
53%
turnin'
51.5%
turnin'
51.5%
from
51%
tummy's
50.9%
tummy's
50.9%
now
50.8%
That's
50.2%
that's
50.2%
That's
50.2%
not
49.4%
not
49.4%
who's
49.3%
now.
49.1%
she's
48.6%
chick
48.3%
rocking
48.2%
town.
47.7%
turned
47.6%
are
46.5%
kicks
46.2%
Nashville
46.1%
lookin'
45.5%
memo.
45.2%
never
43.6%
girls
43%
guess
43%
stilettos.
42.8%
around
40%
Get
38.9%
definitely
38.5%
plays
37.9%
everybody's
37.2%
favorite
36.3%
'cause
35.5%
club
35.1%
tune,
31.8%
alright.
30%
hard
28.2%
whoa!
27.6%
back
25.7%
tonight.
25.2%
hometown
24%
Something
21.7%
stops
21.4%
flight
19.2%
hoppin'
15.6%
dropped
12.1%

You're not logged in!

Compare scores with friends on all Sporcle quizzes.
OR
Log In

You Might Also Like...

Show Comments

Extras

Top Quizzes Today


Score Distribution

Your Account Isn't Verified!

In order to create a playlist on Sporcle, you need to verify the email address you used during registration. Go to your Sporcle Settings to finish the process.

Report this User

Report this user for behavior that violates our Community Guidelines.

Details: